000 00597nam a22001937a 4500
999 _c179163
_d179163
005 20210527154322.0
010 _aB-739943
020 _a8171208002
_c40.00
035 _aB-739943
037 _bGift
082 _a613.6
100 _aVedanta Kesari
245 _aHealthy mind, healthy body:
_bnew thoughts on health /
_cby Vedanta Kesari
260 _aChennai
_bShri Ramakrishna Math
270 _aMylapore
_bChennai
_e600004
300 _a231p.
_c17cm(pbk)
942 _2ddc
_cEN
_mVED
_h613.6